សេកសោមសារិកា : (Record no. 6456)
[ view plain ]
| 000 -LEADER | |
|---|---|
| fixed length control field | 02365nam a22002537a 4500 |
| 001 - CONTROL NUMBER | |
| control field | 6456 |
| 003 - CONTROL NUMBER IDENTIFIER | |
| control field | FISKH |
| 005 - DATE AND TIME OF LATEST TRANSACTION | |
| control field | 20250512151717.0 |
| 008 - FIXED-LENGTH DATA ELEMENTS--GENERAL INFORMATION | |
| fixed length control field | 250505b cb ||||| |||| 00| 0 eng d |
| 040 ## - CATALOGING SOURCE | |
| Original cataloging agency | FISKH |
| Language of cataloging | khr |
| Transcribing agency | FIISKH |
| Modifying agency | FISKH |
| 050 ## - LIBRARY OF CONGRESS CALL NUMBER | |
| Classification number | PZ7 |
| 082 ## - DEWEY DECIMAL CLASSIFICATION NUMBER | |
| Classification number | 808.1 |
| 100 ## - MAIN ENTRY--PERSONAL NAME | |
| Personal name | Sovi, Ly |
| 245 ## - TITLE STATEMENT | |
| Title | សេកសោមសារិកា : |
| Remainder of title | កំណាព្យ ចម្លងពីសាស្ត្រាស្លឺករិត / |
| Statement of responsibility, etc. | លី សុវីរ អតីតសាស្រ្តាចារ្យមធ្យមសិក្សា |
| 250 ## - EDITION STATEMENT | |
| Edition statement | ចេញផ្សាយឆ្នាំ២០០៤ |
| 260 ## - PUBLICATION, DISTRIBUTION, ETC. | |
| Place of publication, distribution, etc. | ភ្នំពេញ: |
| Date of publication, distribution, etc. | ២០០៤ . |
| 300 ## - PHYSICAL DESCRIPTION | |
| Extent | 41 pages : |
| Other physical details | illustrations ; |
| Dimensions | 21 cm. |
| 520 ## - SUMMARY, ETC. | |
| Summary, etc. | រឿងនេះជាប្រលោមលោកដ៏បែបអារម្មណ៍ដែលឆ្លុះបញ្ចាំងពីជីវិតនិងការតស៊ូរបស់សារិកា—ស្រីតូចម្នាក់ដែលមានបំណងចង់រស់ជីវិតដោយខ្លួនឯង ទោះបីជាត្រូវជួបប្រទះនឹងការលំបាកធំនៅក្នុងជីវិត។ នាងបានបាត់បង់មនុស្សសំខាន់ៗ និងគួរឲ្យស្រលាញ់ ប៉ុន្តែសារិកាមិនចេះបោះបង់ចិត្តទេ។ នាងជាភាពតំណាងនៃកម្លាំងចិត្តនារី និងភាពរឹងមាំក្នុងសង្គម ដែលស្វែងរកផ្លូវជីវិតថ្មីដោយខ្លួនឯង ទាំងប្រឈមមុខនឹងសព្វការលំបាក។ |
| 520 ## - SUMMARY, ETC. | |
| Summary, etc. | This is an emotional novel that reflects the life and struggles of Sarika—a little girl who wants to live on her own despite facing great difficulties in life.<br/>She lost important and beloved people, but Sarika never gave up. She is a symbol of female strength and social resilience, finding a new path in life on her own, despite all the difficulties. |
| 650 ## - SUBJECT ADDED ENTRY--TOPICAL TERM | |
| Topical term or geographic name entry element | សេកសោមសារិកា |
| Form subdivision | កំណាព្យខ្មែរ |
| 650 ## - SUBJECT ADDED ENTRY--TOPICAL TERM | |
| Topical term or geographic name entry element | Seksomsarika |
| Form subdivision | Khmer poetry |
| 942 ## - ADDED ENTRY ELEMENTS (KOHA) | |
| Source of classification or shelving scheme | Dewey Decimal Classification |
| Koha item type | Khmer Books |
| Suppress in OPAC | No |
| Withdrawn status | Lost status | Source of classification or shelving scheme | Damaged status | Not for loan | Collection | Home library | Current library | Shelving location | Date acquired | Total Checkouts | Full call number | Barcode | Date last seen | Copy number | Price effective from | Koha item type |
|---|---|---|---|---|---|---|---|---|---|---|---|---|---|---|---|---|
| Dewey Decimal Classification | Khmer Language Books / សៀវភៅភាសាខ្មែរ | Footprints International School Library Network Toul Tom Poung Campus | Footprints International School Library Network Toul Tom Poung Campus | TTP Secondary Khmer Bookshelves | 05/05/2025 | SOV PZ7 808.1 | FISSE01637 | 05/05/2025 | 1 | 05/05/2025 | Khmer Books | |||||
| Dewey Decimal Classification | Khmer Language Books / សៀវភៅភាសាខ្មែរ | Footprints International School Library Network Toul Tom Poung Campus | Footprints International School Library Network Toul Tom Poung Campus | TTP Secondary Khmer Bookshelves | 05/09/2025 | SOV PZ7 808.1 | FISSE01733 | 05/09/2025 | 2 | 05/09/2025 | Khmer Books |
